000 00558nam a22002177a 4500
999 _c331
_d331
003 OSt
005 20190918113458.0
008 140811b xxu||||| |||| 00| 0 eng d
020 _a0443044287
040 _cDLC
082 _aWO 100 F762p 1990
100 _4Forrest A. P. M.; Carter D. C.; Macleod, I.B.
245 _aPrinciples and Practice of Surgery
250 _a2nd ed.
260 _aUK:
_bELBS,
_c1994
300 _aviii, 729 p. :
_bcol.ill;
_c28 cm
504 _aIncludes index
650 _aSurgery
_9323
654 _aSurgery
942 _2z
_cB_BANK